Reflets. Méthode de français 1: Guide Pédagogique

Kaydedildi:
Detaylı Bibliyografya
Yazar: Capelle, Guy y Gidon, Noëlle
Materyal Türü: Kitap
Dil:Undetermined
Baskı/Yayın Bilgisi: París, Francia Hachette 1999
Konular:
Etiketler: Etiketle
Etiket eklenmemiş, İlk siz ekleyin!

MARC

LEADER 00000nam a2200000Ia 4500
008 170316s9999 xx 000 0 und d
090 |a 415-F C-4r v.1 
100 |a Capelle, Guy y Gidon, Noëlle 
245 |a Reflets. Méthode de français 1: Guide Pédagogique 
260 |a París, Francia 
260 |b Hachette 
260 |c 1999 
300 |a 192 páginas 
650 |a GRAMÁTICA FRANCESA 
999 |c 19155  |d 19155 
040 |a cru BVZT 
942 |c 15 D  |h 415-F C-4r v.1  |2 z